Zwycięzcy Imperializmów RafciaSA - Statystyki

Ogólne statystyki
  • Ten quiz został rozwiązany 29 razy
  • Średni wynik to 4 z 10
Statystyki odpowiedzi
Imperializm Zwycięzca % Poprawnych
Wielki Światowy Klubowy FC Barcelona
70%
Copa America 2024 Argentyna
55%
EURO 2024 Francja
55%
Polski 1 Lechia Gdańsk
55%
Wielki Światowy Reprezentacyjny Angola
40%
Polski 2 Jagiellonia Białystok
35%
Europejskie Puchary 2023/24 Inter Mediolan
30%
Brytyjski Shamrock Rovers
15%
Liga Narodów Europy 2024 Gregor Kobel
5%
Europejskie Puchary 2024/25 PAOK
5%
Nie znaleziono quizów pasujących do podanych kryteriów
Rozkład punktacji
Procent ludzi z każdym wynikiem
Percentyl według liczby udzielonych odpowiedzi
Twoja historia wyników
Nie rozwiązałeś tego quizu